Identify the Language - Statistics

General Stats
  • This quiz has been taken 355 times
  • The average score is 12 of 26
Answer Stats
Hint Answer % Correct
You have to get this one right at least. English
100%
C'est le plus grand lézard j'ai jamais vu! French
98%
У меня есть ощущение люди будут переводить все это. Russian
97%
Willkommen zu diesem Quiz! German
96%
それは面白いことを言うために多くのプレッシャーだ。 Japanese
95%
Quiero montar mi bicicleta. Spanish
95%
당신은 당신이 여기에 중국어를 볼 수있을 줄 베팅 Korean
83%
Ο αδελφός μου μιλάει άπταιστα ελληνικά να διαβάζει παλιά βιβλία. Greek
75%
זה כמו שלושה הריונות אנושיים. Hebrew
75%
Nhiều hơn hoặc ít hơn. Vietnamese
70%
к братської близнюк російської. Ukrainian
64%
To bylo opravdu těžké překládat. Czech
45%
Swnio yr iaith hon fel rhywbeth clirio eu gwddf. Welsh
40%
ਹੋ ਸਕਦਾ ਹੈ ਕਿ ਹੈ ਕਿ ਕਠੋਰ ਮੌਜੂਦਾ ਘਟਨਾ ਨੂੰ ਦਿੱਤਾ ਗਿਆ ਸੀ, ... Punjabi
32%
நான் பூனைகள் நேசிக்கிறேன் Tamil
31%
Saya telah mendapat satu perasaan saya benar-benar merosakkan sehingga abjad asing. Malay
29%
Ĉu vi scias ke elefantoj estas gravedaj dum dudek du monatoj? Esperanto
27%
Sicut iuravit tibi Draenei! Latin
20%
Guztiak baxu dagoela naiz. Basque
18%
Tai nėra vamzdis Lithuanian
16%
loD mach vIHoHqang, pu'HIchmey HIjmeH! Klingon
12%
Ne inek. Turkish
9%
O'tgan, hozirgi va panelida kelajakda yurish. Bu tarang edi. Uzbek
7%
Hash yer ray tih zhavors chiorisi anni? Dothraki
3%
Afar Angathfark!!! Orc
2%
Lokile, puo ena hona mona ke ka ho fetisisa. Sesotho
2%
No matching quizzes found
Score Distribution
Percent of People with Each Score
Percentile by Number Answered
Your Score History
You have not taken this quiz